| 000 | 00411pam a2200157 a 4500 | ||
|---|---|---|---|
| 020 |
_a9781437735482 _c |
||
| 041 | _aeng | ||
| 082 |
_a616 _bADA |
||
| 100 | _aADAMS J.G., BARTEN E.D., COLLINGS J.L. | ||
| 245 |
_aEMERGENCY MEDICINE CLINICAL ESSENTIONALS _hTextual Documents |
||
| 250 | _a2. | ||
| 260 |
_bELSEVIER CHIRCHILL _c2013. |
||
| 300 |
_a1858: _bXXVII+ _eHB. |
||
| 930 | _a8766 | ||
| 999 |
_c803293 _d803293 |
||
| 650 | _aGEN.MEDICINE | ||